[Event "Shumen Stojan Ivanov Memorial"]
[Site "Shumen"]
[Date "2023.07.28"]
[Round "2"]
[White "Georgiev, Kiril"]
[Black "Boneva, Zvezdelina"]
[Result "1-0"]
[WhiteElo "2605"]
[BlackElo "1813"]
[PlyCount "113"]
[EventDate "2023.07.28"]
[EventType "swiss (rapid)"]
[EventRounds "11"]
[EventCountry "BUL"]
[SourceTitle "CBM 215 Extra"]
[Source "ChessBase"]
[SourceDate "2023.09.30"]
[SourceVersion "1"]
[SourceVersionDate "2023.09.30"]
[SourceQuality "1"]

1. c4 c5 2. Nf3 Nf6 3. Nc3 Nc6 4. d4 d5 5. cxd5 Nxd5 6. dxc5 Nxc3 7. Qxd8+ Kxd8 8. bxc3 e5 9. Ng5 Ke8 10. Ne4 Bf5 11. Nd6+ Bxd6 12. cxd6 Kd7 13. Ba3 Na5 14. e3 a6 15. Rd1 Rac8 16. Rd5 Nc6 17. c4 Be6 18. Rd2 Na5 19. c5 Nc4 20. Bxc4 Bxc4 21. f3 Rc6 22. Rb2 Bb5 23. Kf2 b6 24. cxb6 Rxb6 25. Rd1 Rc8 26. Rdd2 Rbc6 27. h4 Rc4 28. e4 f6 29. h5 R8c6 30. Kg3 g6 31. Bb4 Rc8 32. hxg6 hxg6 33. Ba5 R8c6 34. Bc7 R6c5 35. Rf2 Rc6 36. a3 R6c5 37. Rb1 Rc1 38. Rbb2 R1c4 39. Kh2 Rc6 40. Rbd2 R6c5 41. Ba5 Rc6 42. Bb4 Rc8 43. Kg3 R8c6 44. Rb2 Rc8 45. Rfd2 R8c6 46. Rb1 Rc1 47. Rd1 Rxd1 48. Rxd1 Rc2 49. Rh1 f5 50. Rh7+ Ke8 51. Re7+ Kd8 52. exf5 gxf5 53. Rxe5 Bf1 54. Kf4 Bxg2 55. Re7 Rf2 56. Ba5+ Kc8 57. d7+ 1-0

[Event "Vratsa op (Women)"]
[Site "Vratsa"]
[Date "2013.07.18"]
[Round "5"]
[White "Salimova, Nurgyul"]
[Black "Boneva, Zvezdelina"]
[Result "0-1"]
[WhiteElo "1870"]
[BlackElo "1947"]
[PlyCount "78"]
[EventDate "2013.07.15"]
[EventType "swiss"]
[EventRounds "9"]
[EventCountry "BUL"]
[SourceTitle "CBM 155 Extra"]
[Source "ChessBase"]
[SourceDate "2013.08.26"]
[SourceVersion "1"]
[SourceVersionDate "2013.08.26"]
[SourceQuality "1"]

1. d4 d5 2. c4 e6 3. Nf3 Nf6 4. Nc3 Be7 5. Bg5 0-0 6. e3 Nbd7 7. Bd3 c5 8. 0-0 b6 9. cxd5 Nxd5 10. Bxe7 Qxe7 11. Ne4 cxd4 12. Nxd4 Ne5 13. Bb5 Bb7 14. Qh5 Nf6 15. Qxe5 Bxe4 16. f3 Bb7 17. Nf5 Qb4 18. Nd6 Rab8 19. Rac1 Rfd8 20. Nxf7 Kxf7 21. Rc7+ Kg8 22. Qxe6+ Kh8 23. Qf7 Rg8 24. Bc4 Rbf8 25. Qe6 Bc8 26. Qe5 Re8 27. Qg3 Be6 28. Bxe6 Rxe6 29. Rd1 Rxe3 30. Qf2 Rge8 31. Rc8 Rxc8 32. Qxe3 Qc5 33. Qxc5 bxc5 34. Kf2 Kg8 35. Rc1 Kf7 36. Ke2 Ke6 37. Kd3 Kd5 38. Kc3 Re8 39. Rd1+ Kc6 0-1

[Event "Vratsa op (Women)"]
[Site "Vratsa"]
[Date "2013.07.17"]
[Round "3"]
[White "Shivacheva, Donika"]
[Black "Boneva, Zvezdelina"]
[Result "1-0"]
[WhiteElo "1709"]
[BlackElo "1947"]
[PlyCount "93"]
[EventDate "2013.07.15"]
[EventType "swiss"]
[EventRounds "9"]
[EventCountry "BUL"]
[SourceTitle "CBM 155 Extra"]
[Source "ChessBase"]
[SourceDate "2013.08.26"]
[SourceVersion "1"]
[SourceVersionDate "2013.08.26"]
[SourceQuality "1"]

1. e4 e6 2. Nf3 d5 3. Nc3 Nf6 4. e5 Nfd7 5. d4 a6 6. a3 c5 7. dxc5 Bxc5 8. Bd3 Nc6 9. Qe2 b5 10. 0-0 Qc7 11. Bf4 Nd4 12. Nxd4 Bxd4 13. Qg4 Nxe5 14. Qg3 f6 15. Ne2 Bc5 16. Rae1 Bd6 17. Nd4 0-0 18. Bxe5 Bxe5 19. Qh3 f5 20. c3 Rf6 21. Qh5 Bd7 22. h3 Bxd4 23. cxd4 Qf4 24. Rd1 Rc8 25. Rfe1 Rh6 26. Qe2 Qg5 27. Qf3 Rh4 28. Bf1 Qf6 29. Qe3 Re4 30. Qd3 Rxe1 31. Rxe1 Qg5 32. Re3 Qf4 33. Qd2 Qc7 34. Rc3 Qb7 35. Rg3 Be8 36. Re3 Qb6 37. Rg3 a5 38. Qe3 b4 39. axb4 axb4 40. Qe5 Bg6 41. h4 Rc1 42. Kh2 Rxf1 43. h5 Qd8 44. hxg6 Qe7 45. Qb8+ Qf8 46. gxh7+ Kf7 47. Qxf8+ 1-0

[Event "Kesarovski Georgiev Memorial 8th"]
[Site "Sunny Beach"]
[Date "2009.09.09"]
[Round "3"]
[White "Asparuhov, Parvan"]
[Black "Boneva, Zvezdelina"]
[Result "0-1"]
[WhiteElo "2125"]
[BlackElo "1935"]
[PlyCount "110"]
[EventDate "2009.09.07"]
[EventType "swiss"]
[EventRounds "9"]
[EventCountry "BUL"]
[SourceTitle "CBM 132 Extra"]
[Source "ChessBase"]
[SourceDate "2009.11.03"]
[SourceVersion "1"]
[SourceVersionDate "2009.11.03"]
[SourceQuality "1"]

1. e4 e6 2. d4 d5 3. Nd2 Nf6 4. e5 Nfd7 5. f4 c5 6. c3 Nc6 7. Ndf3 Qb6 8. Ne2 Be7 9. g3 0-0 10. Bh3 cxd4 11. cxd4 Qa5+ 12. Kf2 b5 13. Be3 Nb6 14. b3 Bd7 15. Bd2 Qa6 16. Nc3 b4 17. Bf1 Qb7 18. Ne2 a5 19. Qc2 Rfc8 20. Qd3 a4 21. Bh3 axb3 22. axb3 Ra3 23. Rab1 Na5 24. Rhe1 Na4 25. Rec1 Nb6 26. Rxc8+ Qxc8 27. Bc1 Ra2 28. Bb2 Qc6 29. Bf1 Nbc4 30. Bc1 Na3 31. Rb2 Ra1 32. Be3 Qc8 33. Qd2 Bb5 34. Ne1 Bxe2 35. Bxe2 Qc3 36. Nd3 Rb1 37. Rxb1 Nxb1 38. Qa2 Na3 39. Nc1 Nc2 40. Nd3 Nxb3 41. Qa7 Bf8 42. f5 Nbxd4 43. f6 g6 44. Qa8 Nxe3 45. Kxe3 Nxe2 46. Kxe2 b3 47. Qb8 Qc2+ 48. Ke3 Qxh2 49. Qxb3 Qxg3+ 50. Kd2 h5 51. Qb8 Qg1 52. Kc2 h4 53. Qb1 Qxb1+ 54. Kxb1 h3 55. Nf2 h2 0-1

[Event "BUL-ch (Women) op"]
[Site "Vratsa"]
[Date "2007.07.30"]
[Round "7"]
[White "Boneva, Zvezdelina"]
[Black "Barbageorgopoulou, Despina"]
[Result "1-0"]
[WhiteElo "1962"]
[BlackElo "1715"]
[PlyCount "81"]
[EventDate "2007.07.25"]
[EventType "swiss"]
[EventRounds "9"]
[EventCountry "BUL"]
[SourceTitle "CBM 119 Extra"]
[Source "ChessBase"]
[SourceDate "2007.09.04"]
[SourceVersion "1"]
[SourceVersionDate "2007.09.04"]
[SourceQuality "1"]

1. e4 e5 2. Nf3 Nf6 3. Nxe5 d6 4. Nf3 Nxe4 5. d4 d5 6. Bd3 Nc6 7. Nbd2 Bf5 8. 0-0 Be7 9. Re1 Nxd2 10. Qxd2 Bg4 11. Qg5 Bxf3 12. Qxg7 Rf8 13. Bh6 Be4 14. f3 Bxd3 15. Qxf8+ Kd7 16. Qxd8+ Rxd8 17. cxd3 Nxd4 18. Rac1 Rg8 19. Kf1 Bd6 20. Be3 Nf5 21. g3 h5 22. Bc5 h4 23. Bxd6 Kxd6 24. g4 Nd4 25. Kf2 f5 26. Rg1 f4 27. g5 c6 28. Rg4 Ne6 29. Rcg1 Ke5 30. g6 Kf6 31. Re1 Kf5 32. Rxh4 Rxg6 33. Rh7 Ng5 34. Rh5 Kf6 35. Re8 Rg7 36. Rf8+ Kg6 37. Rh4 Ne6 38. Rg4+ Kh6 39. Rh8+ Rh7 40. Rh4+ Kg6 41. R8xh7 1-0

[Event "BUL-ch (Women) op"]
[Site "Vratsa"]
[Date "2007.07.25"]
[Round "1"]
[White "Boneva, Zvezdelina"]
[Black "Voiska, Margarita"]
[Result "0-1"]
[WhiteElo "1962"]
[BlackElo "2314"]
[PlyCount "56"]
[EventDate "2007.07.25"]
[EventType "swiss"]
[EventRounds "9"]
[EventCountry "BUL"]
[SourceTitle "CBM 119 Extra"]
[Source "ChessBase"]
[SourceDate "2007.09.04"]
[SourceVersion "1"]
[SourceVersionDate "2007.09.04"]
[SourceQuality "1"]

1. e4 c6 2. d4 Na6 3. Nf3 g6 4. c4 Bg7 5. Nc3 d6 6. h3 Nf6 7. Be3 0-0 8. Qd2 e5 9. d5 cxd5 10. cxd5 Nc5 11. Bxc5 dxc5 12. Bd3 Ne8 13. g4 Nd6 14. Rg1 c4 15. Bc2 b5 16. a4 b4 17. Nb5 a5 18. h4 Ba6 19. Nxd6 Qxd6 20. h5 Rfc8 21. hxg6 hxg6 22. Rh1 c3 23. Qd1 b3 24. Bxb3 Qb4 25. bxc3 Qxe4+ 26. Kd2 Qd3+ 27. Ke1 Qxc3+ 28. Nd2 e4 0-1

[Event "BUL-ch (Women)"]
[Site "Veliko Tarnovo"]
[Date "2005.??.??"]
[Round "3"]
[White "Boneva, Zvezdelina"]
[Black "Stefanova, Milena"]
[Result "0-1"]
[WhiteElo "2011"]
[BlackElo "2022"]
[PlyCount "44"]
[EventDate "2005.05.05"]
[EventType "tourn"]
[EventRounds "11"]
[EventCountry "BUL"]
[SourceTitle "CBM 106 Extra"]
[Source "ChessBase"]
[SourceDate "2005.07.01"]
[SourceVersion "1"]
[SourceVersionDate "2005.07.01"]
[SourceQuality "1"]

1. e4 e5 2. Nf3 Nf6 3. Nxe5 d6 4. Nf3 Nxe4 5. d4 d5 6. Bd3 Be7 7. 0-0 Nc6 8. Re1 Bg4 9. c3 f5 10. Nbd2 0-0 11. Qc2 Rf6 12. Ne5 Nxe5 13. dxe5 Rg6 14. f3 Bc5+ 15. Kf1 Qh4 16. Nxe4 fxe4 17. Be3 Bxe3 18. Rxe3 Qxh2 19. Qf2 Rf8 20. Be2 Bh3 21. Ke1 Rxg2 22. Qh4 exf3 0-1

[Event "BUL-ch (Women)"]
[Site "Veliko Tarnovo"]
[Date "2005.??.??"]
[Round "2"]
[White "Chilingirova, Pavlina"]
[Black "Boneva, Zvezdelina"]
[Result "1-0"]
[WhiteElo "2194"]
[BlackElo "2011"]
[PlyCount "73"]
[EventDate "2005.05.05"]
[EventType "tourn"]
[EventRounds "11"]
[EventCountry "BUL"]
[SourceTitle "CBM 106 Extra"]
[Source "ChessBase"]
[SourceDate "2005.07.01"]
[SourceVersion "1"]
[SourceVersionDate "2005.07.01"]
[SourceQuality "1"]

1. c4 c5 2. Nc3 Nf6 3. g3 d5 4. cxd5 Nxd5 5. Bg2 Nc7 6. d3 e5 7. Be3 Nd7 8. Nf3 Be7 9. 0-0 0-0 10. a3 Rb8 11. Rb1 b6 12. b4 Re8 13. bxc5 Bxc5 14. Bxc5 Nxc5 15. Nxe5 Rxe5 16. d4 Bf5 17. dxe5 Bxb1 18. Qxd8+ Rxd8 19. Rxb1 Rd2 20. Kf1 Rc2 21. Ne4 N7e6 22. f4 Ra2 23. f5 Nxe4 24. Bxe4 Nc5 25. Rd1 h6 26. Rd8+ Kh7 27. Bd5 Ra1+ 28. Kf2 Rd1 29. e6 fxe6 30. fxe6 Rxd5 31. Rxd5 Nxe6 32. Rd7 Nc5 33. Rxa7 Kg6 34. Ke3 Kf6 35. Kd4 Ne6+ 36. Kd5 Nc5 37. e4 1-0

[Event "BUL-ch sf (Women)"]
[Site "Vratsa"]
[Date "2005.??.??"]
[Round "7"]
[White "Doncheva, Marinela"]
[Black "Boneva, Zvezdelina"]
[Result "0-1"]
[WhiteElo "2065"]
[BlackElo "2013"]
[PlyCount "70"]
[EventDate "2005.01.28"]
[EventType "tourn"]
[EventRounds "7"]
[EventCountry "BUL"]
[SourceTitle "CBM 104 Extra"]
[Source "ChessBase"]
[SourceDate "2005.03.01"]
[SourceVersion "1"]
[SourceVersionDate "2005.03.01"]
[SourceQuality "1"]

1. d4 d5 2. c4 Nc6 3. cxd5 Qxd5 4. Nf3 e5 5. Nc3 Bb4 6. dxe5 Bxc3+ 7. bxc3 Qxd1+ 8. Kxd1 Bg4 9. Bf4 0-0-0+ 10. Kc2 h6 11. e4 Nge7 12. Bc4 Ng6 13. Be3 Ngxe5 14. Nxe5 Nxe5 15. Bb3 Be2 16. Bd4 f6 17. Rae1 Bd3+ 18. Kc1 Rhe8 19. Re3 c5 20. Bxe5 Rxe5 21. Bc2 Bxc2 22. Kxc2 f5 23. Rhe1 fxe4 24. Rxe4 Red5 25. R1e2 R8d7 26. Re7 b5 27. Rxd7 Kxd7 28. a4 b4 29. a5 Kc6 30. cxb4 cxb4 31. Re7 Rxa5 32. Rxg7 Rc5+ 33. Kb3 a5 34. Ka4 Rh5 35. Rg6+ Kc5 0-1

[Event "BUL-ch (Women)"]
[Site "Veliko Tarnovo"]
[Date "2005.??.??"]
[Round "7"]
[White "Velcheva, Maria"]
[Black "Boneva, Zvezdelina"]
[Result "1/2-1/2"]
[WhiteElo "2327"]
[BlackElo "2011"]
[PlyCount "57"]
[EventDate "2005.05.05"]
[EventType "tourn"]
[EventRounds "11"]
[EventCountry "BUL"]
[SourceTitle "CBM 106 Extra"]
[Source "ChessBase"]
[SourceDate "2005.07.01"]
[SourceVersion "1"]
[SourceVersionDate "2005.07.01"]
[SourceQuality "1"]

1. e4 e6 2. d4 d5 3. Nc3 Nf6 4. e5 Nfd7 5. f4 a6 6. Nf3 c5 7. Be3 Nc6 8. Qd2 Be7 9. Qf2 Qa5 10. dxc5 Nxc5 11. Bd3 Nb4 12. Rd1 Na4 13. Rb1 Nxa2 14. 0-0 N2xc3 15. bxc3 Qxc3 16. Ra1 b5 17. Nd4 Qc7 18. f5 Qxe5 19. fxe6 Bxe6 20. Nxe6 Qxe6 21. Rae1 0-0 22. Bd4 Qd6 23. Re3 Bg5 24. Rg3 Bh6 25. Rh3 Rae8 26. Qf5 Qg6 27. Qf3 Qd6 28. Qf5 Qg6 29. Qf3 1/2-1/2

[Event "BUL-ch sf (Women)"]
[Site "Pernik"]
[Date "2004.01.31"]
[Round "7"]
[White "Vladimirova, Maria"]
[Black "Boneva, Zvezdelina"]
[Result "1/2-1/2"]
[WhiteElo "1988"]
[BlackElo "2036"]
[PlyCount "69"]
[EventDate "2004.01.??"]
[EventType "swiss"]
[EventRounds "7"]
[EventCountry "BUL"]
[SourceTitle "CBM 098 Extra"]
[Source "ChessBase"]
[SourceDate "2004.03.10"]
[SourceVersion "2"]
[SourceVersionDate "2004.03.10"]
[SourceQuality "1"]

1. d4 d5 2. c4 Nc6 3. Nf3 Bg4 4. e3 e5 5. cxd5 Qxd5 6. Nc3 Bb4 7. Be2 Bxf3 8. Bxf3 e4 9. Be2 Qg5 10. 0-0 Bxc3 11. bxc3 Nge7 12. Rb1 Rb8 13. Qc2 f5 14. Bc4 a6 15. a4 h5 16. a5 Kd8 17. Rd1 Rh6 18. Qa4 Rg6 19. Bf1 Nd5 20. Qc4 Nf6 21. Qc5 Ng4 22. g3 h4 23. Bg2 Nxh2 24. d5 Ne5 25. d6 Nhf3+ 26. Kf1 Nh2+ 27. Kg1 Nhf3+ 28. Kf1 Rxd6 29. Rxd6+ cxd6 30. Qxd6+ Nd7 31. Bxf3 exf3 32. Ba3 Qf6 33. Qxf6+ Nxf6 34. Rd1+ Ke8 35. gxh4 1/2-1/2

[Event "BUL-ch sf (Women)"]
[Site "Pernik"]
[Date "2004.01.30"]
[Round "6"]
[White "Hristova, Hristina"]
[Black "Boneva, Zvezdelina"]
[Result "1/2-1/2"]
[WhiteElo "1984"]
[BlackElo "2036"]
[PlyCount "67"]
[EventDate "2004.01.??"]
[EventType "swiss"]
[EventRounds "7"]
[EventCountry "BUL"]
[SourceTitle "CBM 098 Extra"]
[Source "ChessBase"]
[SourceDate "2004.03.10"]
[SourceVersion "2"]
[SourceVersionDate "2004.03.10"]
[SourceQuality "1"]

1. e4 e5 2. Nf3 Nc6 3. Bb5 Nf6 4. 0-0 Be7 5. Re1 d6 6. c3 a6 7. Ba4 b5 8. Bb3 0-0 9. h3 h6 10. d3 Re8 11. Nbd2 Bf8 12. Nf1 Be6 13. Bc2 g6 14. Ng3 Bg7 15. a4 Qe7 16. Be3 Kh7 17. Qe2 Reb8 18. axb5 axb5 19. d4 Bd7 20. dxe5 dxe5 21. b4 Nd8 22. Bc5 Qe8 23. Qe3 Nb7 24. Ba7 Rc8 25. Nd2 Bf8 26. Nb3 Be6 27. Nc5 Nxc5 28. Bxc5 Nd7 29. Bxf8 Qxf8 30. Bd3 Rxa1 31. Rxa1 c5 32. Bxb5 cxb4 33. cxb4 Qxb4 34. Be2 1/2-1/2